Statistics for Most Livable Cities

Click here to take the quiz!

General Stats

  • This quiz has been taken 48,497 times
    (20,551 since last reset)
  • The average score is 14 of 25

Answer Stats

#ContinentCity% Correct
10OceaniaSydney
88%
13EuropeBerlin
80%
20EuropeStockholm
77%
16OceaniaMelbourne
75%
16North AmericaToronto
73%
12EuropeAmsterdam
72%
9EuropeCopenhagen
71%
5North AmericaVancouver
67%
1EuropeVienna
66%
4EuropeMunich
64%
15OceaniaWellington
62%
3OceaniaAuckland
62%
22OceaniaPerth
62%
14EuropeBern
61%
2EuropeZurich
59%
23North AmericaMontreal
56%
25AsiaSingapore
51%
8EuropeGeneva
49%
18North AmericaOttawa
49%
19EuropeHamburg
49%
7EuropeFrankfurt
48%
21EuropeLuxembourg
30%
6EuropeDüsseldorf
26%
10EuropeBasel
16%
24EuropeNuremberg
7%

Score Distribution

Percentile by Number Answered

Percent of People with Each Score

Your Score History

You have not taken this quiz since the last reset